ANWENDUNG VON PVAc-KLEBSTOFFEN UND PVAc-MISCHKLEBSTOFFEN IN DER HOLZINDUSTRIE

Bibliographic Details
Main Author: Flemming, Herbert (Author)
Format: Article
Language:German

MARC

LEADER 00000nab a2200000uu 4500
001 vtls010888374
003 SK-MaSNL
005 20260303135628.0
008 230218|1963 xo |||||||||||||||||ger|
015 |a SNBRB 
035 |a (urnnbn)urn:nbn:sk:snk:ar-0043ua 
035 |a (uuid)3db53a06-a8c5-4b0c-8e34-c59fa06d91d6 
035 |a urn:nbn:sk:snk-ab8iw5 
040 |a SNKBUCL  |b slo  |c SNKBUCL  |e AACR2 
041 0 |a ger 
044 |a xo  |c SK 
100 1 |a Flemming, Herbert  |4 aut  |9 1157249 
245 1 0 |a ANWENDUNG VON PVAc-KLEBSTOFFEN UND PVAc-MISCHKLEBSTOFFEN IN DER HOLZINDUSTRIE  |c Herbert Flemming 
773 0 |t Drevársky výskum : sborník prác z odboru výskumu dreva  |g Roč. 8, č. 3 (1963), s. 113-128 
958 |a OND 
958 |a EUIPO 
958 |a article10 
999 |c 1966741  |d 1968671